000 00958cam a22002891 4500
001 23929
003 BD-RjUL
005 20211209001004.0
008 140312r19861942enkab 000 0 eng
035 _a(BD-RjUL)23994
035 _a(OCoLC)1320094
040 _aDLC
_cOCU
_dOCoLC
_dDLC
_dBD-RjUL
_beng
041 _aeng
082 0 0 _a942
_bTRE 1986
100 1 _aTrevelyan, George Macaulay,
_d1876-1962.
_955186
245 1 0 _aEnglish social history:
_ba survey of six centuries, Chaucer to Queen Victoria,
_cby G.M. Trevelyan .
260 _aLondon,
_aNew York [etc.]
_bLongmans, Green and Co.,
_b Penguin
_cc1942,c1944 [Reprint-1986]
300 _a649 p.:
_bill.
_c21 cm.
500 _a"First edition."
500 _aColored maps on lining papers.
504 _aIncludes index.
651 0 _aGreat Britain
_xHistory.
_973681
651 0 _aGreat Britain
_xSocial conditions.
_973682
942 _2ddc
_cBK
999 _c23929
_d23929